|
|
|
|
| LEADER |
00000nam a2200000 a 4500 |
| 001 |
vtls008309260 |
| 003 |
SK-MaSNL |
| 005 |
20260301183206.0 |
| 008 |
230403s1961 xo a slo |
| 015 |
|
|
|a SNBA1961/07-01436
|
| 035 |
|
|
|a SK01SNK19610001477
|
| 035 |
|
|
|a urn:nbn:sk:snk-am3h5ex
|
| 035 |
|
|
|a urn:nbn:sk:snk-am00cnqa
|
| 035 |
|
|
|a A483A619-6CAD-43F5-9F3C-EF913818A9F8
|
| 035 |
|
|
|a SKM000003940
|
| 040 |
|
|
|a SNK
|b slo
|c SNK
|e AACR2
|
| 041 |
1 |
|
|a slo
|h rus
|
| 044 |
|
|
|a xo
|c SK
|
| 080 |
|
|
|a 882-3
|2 1981
|
| 100 |
1 |
|
|a Arsenjev, Vladimir Klavdijevič,
|d 1872-1930
|4 aut
|9 187467
|
| 245 |
1 |
0 |
|a Lovec Dersu
|c Vladimír Klavdijevič Arseniev ; z rus. orig. prel: J. Junas a A. Macko
|b ilustr. navrhol: Svetozár Králik
|
| 260 |
|
|
|a Bratislava
|b Osveta
|c 1961
|e Bratislava
|f Pravda
|
| 300 |
|
|
|a 247, [4] s.,[4] fareb. obr. príl.
|c 8°
|
| 490 |
1 |
|
|a Svetom
|
| 500 |
|
|
|a Pozn. Vysvetl. Frontispice. Predsádky
|
| 563 |
|
|
|a 6000 výtl.
|
| 650 |
0 |
7 |
|a romány cestopisné ruské
|2 SNK
|9 558118
|
| 655 |
|
7 |
|a umelecká literatúra
|2 SNKPH
|9 60405
|
| 700 |
1 |
|
|a Junas, Ján,
|d 1925-2002
|4 trl
|9 13563
|
| 700 |
1 |
|
|a Macko, A.
|4 trl
|9 342405
|
| 700 |
1 |
|
|a Králik, Svetozár,
|d 1935-
|4 ill
|9 99674
|
| 830 |
|
0 |
|a Svetom
|9 279755
|
| 852 |
|
|
|a Slovenská národná knižnica
|
| 919 |
|
|
|a viaz.
|
| 954 |
|
|
|a beletria cudzojazyčná (svetová)
|2 lita
|
| 958 |
|
|
|a OND
|
| 958 |
|
|
|a LX
|
| 958 |
|
|
|a UP
|
| 958 |
|
|
|a RN
|
| 958 |
|
|
|a TL
|
| 958 |
|
|
|a RK
|
| 958 |
|
|
|a EUIPO
|
| 999 |
|
|
|c 856121
|d 858051
|
| 952 |
|
|
|a SNK
|b SNK
|y PREZ
|7 0
|p 17A0698927
|o snkSD 20380
|i snkKSP 3876/61
|0 0
|1 0
|4 0
|d 2011-07-19
|f 1
|l 0
|r 2025-12-03 00:00:00
|w 2026-02-24
|